BSOP header

Evangelical awakenings in Southern Asia / (Record no. 12850)

MARC details
000 -LEADER
fixed length control field 00586nam a2200205 4500
005 - DATE AND TIME OF LATEST TRANSACTION
control field 20180508083908.0
008 - FIXED-LENGTH DATA ELEMENTS--GENERAL INFORMATION
fixed length control field 020823s1975 us 1 eng
020 ## - INTERNATIONAL STANDARD BOOK NUMBER
International Standard Book Number 0871231271
100 1# - MAIN ENTRY--PERSONAL NAME
Personal name Orr, J. Edwin
245 10 - TITLE STATEMENT
Title Evangelical awakenings in Southern Asia /
Statement of responsibility, etc J. Edwin Orr.
260 ## - PUBLICATION, DISTRIBUTION, ETC. (IMPRINT)
Place of publication, distribution, etc Minneapolis :
Name of publisher, distributor, etc Bethany Fellowship,
Date of publication, distribution, etc c1975.
300 ## - PHYSICAL DESCRIPTION
Extent x, 239
336 ## - CONTENT TYPE
Content Type Term text
337 ## - MEDIA TYPE
Media Type Term unmediated
338 ## - CARRIER TYPE
Carrier Type Term volume
504 ## - BIBLIOGRAPHY, ETC. NOTE
Bibliography, etc Biblio: pp. 227-236 / Includes index
651 #4 - SUBJECT ADDED ENTRY--GEOGRAPHIC NAME
Geographic name Revivals
Geographic subdivision India
General subdivision History.
651 #4 - SUBJECT ADDED ENTRY--GEOGRAPHIC NAME
Geographic name Revivals
Geographic subdivision South Asia
General subdivision History.
942 ## - ADDED ENTRY ELEMENTS (KOHA)
Source of classification or shelving scheme Library of Congress Classification
Item type Books
Holdings
Withdrawn status Lost status Source of classification or shelving scheme Damaged status Not for loan Home library Current library Shelving location Date acquired Inventory number Shelving control number Total Checkouts Full call number Barcode Date last seen Price effective from Koha item type Source of acquisition Copy number
    Library of Congress Classification     BSOP Library BSOP Library GC 12/21/2000 25212 127   BV3777.I4 Or7 1975 00027452 02/23/2013 02/23/2013 Books    
    Library of Congress Classification     BSOP Library BSOP Library GC 05/08/2018 40983     BV3777 Or7 1975 c.2 00051983 05/08/2018 05/08/2018 Books   c.2
BSOP

Biblical Seminary of the Philippines
  All rights Reserved
  © 2024

CONTACT INFORMATION

Biblical Seminary of the Philippines,
  77-B Karuhatan Road, Valenzuela City,
  PHILIPPINES 1441
  Phone: +632 8292-6795 / 8292-6798
  Fax : +632 8292-6675
  Email: library@bsop.edu.ph